| 000 | 00916nam0a22002771 4500 | ||
|---|---|---|---|
| 001 | rc\4008269 | ||
| 005 | 20250611053850.0 | ||
| 021 |
_aRU _b[52-25894] |
||
| 035 | _a(NLR Aleph) 008077722 | ||
| 090 |
_a9103467 _c9103467 |
||
| 100 | _a20130415d1952 |||y0rusy50 ca | ||
| 101 | 0 | _arus | |
| 102 | _aRU | ||
| 105 | _aa z ||||| | ||
| 200 | 1 |
_aМастера комбайновой уборки _e(Опыт работы передовых комбайнеров) |
|
| 210 |
_aРостов-на-Дону _cРостиздат _d1952 |
||
| 215 |
_a28 с. _cсхем. _d20 |
||
| 225 | 1 | _aБиблиотечка колхозника | |
| 606 |
_aКомбайноуборка _xСтахановские методы _2psbo |
||
| 700 | 1 |
_aДараган _bГ.И. |
|
| 701 | 1 |
_aМакарьев _bП.Г. |
|
| 801 | 0 |
_aRU _bNLR _gpsbo |
|
| 801 | 1 |
_aRU _bELAR _2rusmarc |
|
| 852 |
_aNLR _jС20 Г-4/1921 |
||
| 942 | _cBOOK | ||
| 980 | _aNB | ||